Face2face, (Record no. 10183)

MARC details
000 -LEADER
fixed length control field 01746cam a22004215a 4500
001 - CONTROL NUMBER
control field 14146987
003 - CONTROL NUMBER IDENTIFIER
control field EG-ScBUE
005 - DATE AND TIME OF LATEST TRANSACTION
control field 20220523104731.0
008 - FIXED-LENGTH DATA ELEMENTS--GENERAL INFORMATION
fixed length control field 051019r20072005enka f 000 0 eng eng d
020 ## - INTERNATIONAL STANDARD BOOK NUMBER
International Standard Book Number 0521613973 (Workbook with Key)
020 ## - INTERNATIONAL STANDARD BOOK NUMBER
International Standard Book Number 9780521613972 (Workbook with Key)
035 ## - SYSTEM CONTROL NUMBER
System control number (OCoLC)ocm61808524
040 ## - CATALOGING SOURCE
Original cataloging agency CU3SL
Language of cataloging eng
Description conventions rda
Transcribing agency CU3SL
Modifying agency DLC
-- DLC
-- EG-ScBUE
-- EG-ScBUE
082 04 - DEWEY DECIMAL CLASSIFICATION NUMBER
Classification number 428.24
Item number TIM
Edition number 22
100 1# - MAIN ENTRY--PERSONAL NAME
Personal name Tims, Nicholas,
Relator term author.
9 (RLIN) 474
245 10 - TITLE STATEMENT
Title Face2face,
Name of part/section of a work Pre-intermediate,
-- Workbook /
Statement of responsibility, etc Nicholas Tims, Chris Redston and Gillie Cunningham.
246 3# - VARYING FORM OF TITLE
Title proper/short title Face to face
246 30 - VARYING FORM OF TITLE
Title proper/short title Pre-intermediate
246 30 - VARYING FORM OF TITLE
Title proper/short title Workbook
250 ## - EDITION STATEMENT
Edition statement Sixth printing.
264 #1 - PUBLICATION, DISTRIBUTION, ETC. (IMPRINT)
Place of publication, distribution, etc Cambridge :
Name of publisher, distributor, etc Cambridge University Press,
Date of publication, distribution, etc 2007.
300 ## - PHYSICAL DESCRIPTION
Extent 88 pages :
Other physical details illustrations ;
Dimensions 22 cm
336 ## - CONTENT TYPE
Source rdacontent
Content type term text
Content type code txt
337 ## - MEDIA TYPE
Source rdamedia
Media type term unmediated
Media type code n
338 ## - CARRIER TYPE
Source rdacarrier
Carrier type term volume
Carrier type code nc
650 #7 - SUBJECT ADDED ENTRY--TOPICAL TERM
Topical term or geographic name as entry element English language
General subdivision Spoken English
Form subdivision Problems, exercises, etc.
Source of heading or term BUEsh
9 (RLIN) 10347
650 #7 - SUBJECT ADDED ENTRY--TOPICAL TERM
Topical term or geographic name as entry element English language
General subdivision Grammar
Form subdivision Problems, exercises, etc.
Source of heading or term BUEsh
9 (RLIN) 3028
650 #7 - SUBJECT ADDED ENTRY--TOPICAL TERM
Topical term or geographic name as entry element English language
Form subdivision Textbooks for foreign speakers
Source of heading or term BUEsh
9 (RLIN) 3027
651 ## - SUBJECT ADDED ENTRY--GEOGRAPHIC NAME
Source of heading or term BUEsh
653 ## - INDEX TERM--UNCONTROLLED
Resource For college Humanities: English
Arrived date list August2015
-- November2018
655 ## - INDEX TERM--GENRE/FORM
Form subdivision Reading book
9 (RLIN) 34232
700 1# - ADDED ENTRY--PERSONAL NAME
Personal name Redston, Chris,
Relator term author.
9 (RLIN) 503
700 1# - ADDED ENTRY--PERSONAL NAME
Personal name Cunningham, Gillie,
Relator term author.
9 (RLIN) 3032
856 42 - ELECTRONIC LOCATION AND ACCESS
Materials specified Publisher description
Uniform Resource Identifier <a href="http://www.loc.gov/catdir/enhancements/fy0632/2005283162-d.html">http://www.loc.gov/catdir/enhancements/fy0632/2005283162-d.html</a>
942 ## - ADDED ENTRY ELEMENTS (KOHA)
Source of classification or shelving scheme Dewey Decimal Classification
Koha item type Book - Borrowing
Holdings
Withdrawn status Lost status Source of classification or shelving scheme Materials specified (bound volume or other part) Damaged status Not for loan Home library Current library Shelving location Date acquired Source of acquisition Cost, normal purchase price Total Checkouts Total Renewals Full call number Barcode Date last seen Date checked out Cost, replacement price Koha item type Collection code Price effective from
  Lost Dewey Decimal Classification Lost In Inventory_2005-2015/8/22     Central Library Central Library Second Floor 18/09/2008 Purchase 45.00 1 3 428.24 RED 000013685 18/09/2008 18/09/2008 56.25 Book - Borrowing    
    Dewey Decimal Classification       Central Library Central Library Second Floor 18/09/2008   45.00 2 1 428.24 RED 000013684 15/07/2025 03/02/2010 56.25 Book - Borrowing   18/09/2008
    Dewey Decimal Classification       Central Library Central Library Second Floor 18/09/2008   45.00 2   428.24 RED 000013683 15/07/2025 08/11/2009 56.25 Book - Borrowing   18/09/2008
    Dewey Decimal Classification       Central Library Central Library Second Floor 21/09/2008   45.00 6 3 428.24 RED 000013809 15/07/2025 06/06/2016 56.25 Book - Borrowing   21/09/2008
    Dewey Decimal Classification       Central Library Central Library Second Floor 21/09/2008   45.00 4   428.24 RED 000013808 15/07/2025 06/06/2016 56.25 Book - Borrowing   21/09/2008
    Dewey Decimal Classification       Central Library Central Library Second Floor 21/09/2008 Purchase 45.00 3 3 428.24 TIM 000013780 15/07/2025 23/05/2011 56.25 Book - Borrowing   21/09/2008
    Dewey Decimal Classification       Central Library Central Library Second Floor 14/10/2008   45.00 6 2 428.24 RED 000018401 15/07/2025 23/02/2017 56.25 Book - Borrowing   14/10/2008
    Dewey Decimal Classification       Central Library Central Library Second Floor 14/10/2008   45.00 1   428.24 RED 000014003 15/07/2025 21/10/2024 56.25 Book - Borrowing   14/10/2008
    Dewey Decimal Classification       Central Library Central Library Second Floor 01/04/2009   45.00 1   428.24 RED 000015835 15/07/2025 06/12/2009 56.25 Book - Borrowing Donation-Gift  
    Dewey Decimal Classification       Central Library Central Library Second Floor 24/10/2011   45.00     428.24 RED 000014002 15/07/2025   56.25 Book - Borrowing Baccah 24/10/2011
    Dewey Decimal Classification       Central Library Central Library Second Floor 10/05/2012   45.00     428.24 RED 000014001 15/07/2025   56.25 Book - Borrowing   10/05/2012